000 00625nam a2200217Ia 4500
003 OSt
005 20220926012327.0
006 a|||||r|||| 00| 0
007 ta
008 220923b |||||||| |||| 00| 0 eng d
037 _cGeneral Book
040 _aRTL
_cRTL
_beng
041 _2eng
_aeng
082 _aX:271:(G:55), M1/TD
100 _aFisher Anthony C
_9248662
245 0 _aResource and environmental economics
260 _aNew York
_bCambridge University Press
_c1991
300 _a284p.
_ccm.
942 _hX:271:(G:55), M1/TD
_cGB
_2CC
999 _c622539
_d622539